[Event "V Festival A"]
[Site "Campobasso ITA"]
[Date "1998.09.11"]
[Round "1"]
[White "Capitelli, Paolo"]
[Black "Aleksieva, Silvia"]
[Result "0-1"]
[WhiteElo "1842"]
[BlackElo "2335"]
[PlyCount "66"]
[EventDate "1998.09.11"]

1. e4 c5 2. Nf3 Nc6 3. d4 cxd4 4. Nxd4 Nf6 5. Nc3 d6 6. Be2 g6 7. Be3 Bg7 8. f3
O-O 9. Qd2 Bd7 10. O-O-O Rc8 11. g4 Ne5 12. h4 h5 13. Bh6 hxg4 14. Bxg7 Kxg7
15. f4 Nc4 16. Bxc4 Rxc4 17. e5 Nh5 18. exd6 exd6 19. f5 Ng3 20. Rh2 Nxf5 21.
Nxf5+ Bxf5 22. h5 Rh8 23. h6+ Kh7 24. Qd5 Qc7 25. Re1 g3 26. Rhe2 Be6 27. Qg5
Qd8 28. Qxg3 Qh4 29. Qxd6 Rd8 30. Qa3 a6 31. Kb1 Rcd4 32. Qc5 Rd2 33. Re4 Qxe4
0-1

[Event "V Festival A"]
[Site "Campobasso ITA"]
[Date "1998.09.11"]
[Round "1"]
[White "Ciolac, Gheorghe"]
[Black "Maxia, Giuseppe"]
[Result "1-0"]
[WhiteElo "2375"]
[BlackElo "1900"]
[PlyCount "124"]
[EventDate "1998.09.11"]

1. e4 c5 2. Ne2 e6 3. Nbc3 Nc6 4. g3 d5 5. exd5 exd5 6. Bg2 d4 7. Nd5 Nf6 8.
Nef4 Be7 9. O-O O-O 10. d3 Bd6 11. h3 Nxd5 12. Nxd5 Be6 13. Nf4 Bxf4 14. Bxf4
Bd5 15. Qh5 f5 16. Rfe1 Bxg2 17. Kxg2 Qd5+ 18. Qf3 Qxf3+ 19. Kxf3 Rfe8 20. g4
fxg4+ 21. hxg4 Nb4 22. Rxe8+ Rxe8 23. Bd2 Nd5 24. Re1 Rxe1 25. Bxe1 Kf7 26. Ke4
Ke6 27. Bd2 h5 28. gxh5 Nf6+ 29. Kf4 Nxh5+ 30. Kg5 Nf6 31. Kg6 Ng4 32. f4 Ne3
33. c3 b6 34. cxd4 cxd4 35. Bb4 Nd5 36. f5+ Ke5 37. Bf8 Nf4+ 38. Kg5 Nxd3 39.
Bxg7+ Ke4 40. b3 b5 41. Bf8 Ne5 42. Bb4 Nf3+ 43. Kg4 d3 44. f6 Ne5+ 45. Kg5 Nc6
46. Bd2 Kf3 47. Kf5 Nd8 48. Ba5 Nf7 49. Ke6 Ng5+ 50. Kd5 a6 51. Kc6 Ke4 52. Kb6
Kd5 53. Bd2 Nf7 54. Kxa6 Kc6 55. Ka5 Nd6 56. Kb4 Kd5 57. Bf4 Nf7 58. Kxb5 Ke4
59. Bd2 Kf3 60. a4 Ke2 61. Bf4 Kf3 62. Bc1 Ke2 1-0

[Event "V Festival A"]
[Site "Campobasso ITA"]
[Date "1998.09.11"]
[Round "1"]
[White "Dervishi, Erald"]
[Black "Castrogiovanni, Carlo"]
[Result "1-0"]
[WhiteElo "2430"]
[BlackElo "2045"]
[PlyCount "69"]
[EventDate "1998.09.11"]

1. e4 c5 2. Nf3 Nc6 3. d4 cxd4 4. Nxd4 Nf6 5. Nc3 e5 6. Ndb5 d6 7. Bg5 a6 8.
Na3 b5 9. Nd5 Be7 10. Bxf6 Bxf6 11. c3 O-O 12. Nc2 Bg5 13. a4 bxa4 14. Rxa4 a5
15. Bc4 Rb8 16. b3 Kh8 17. O-O f5 18. exf5 Bxf5 19. Nce3 Bg6 20. Qe2 Qd7 21.
Rd1 Bd8 22. Nf1 Bh4 23. f3 e4 24. f4 Rbe8 25. Nfe3 Bd8 26. Bb5 Qb7 27. Qc4 Ne7
28. Bxe8 Bxe8 29. Raa1 Nf5 30. Nxf5 Rxf5 31. Qxe4 Rf8 32. Kh1 Bf7 33. c4 Qxb3
34. Rdb1 Bg6 35. Qxg6 1-0

[Event "V Festival A"]
[Site "Campobasso ITA"]
[Date "1998.09.11"]
[Round "1"]
[White "Di Lascio, Savino"]
[Black "Zimina, Olga"]
[Result "1/2-1/2"]
[WhiteElo "1753"]
[BlackElo "2200"]
[PlyCount "121"]
[EventDate "1998.09.11"]

1. Nf3 c5 2. g3 Nf6 3. Bg2 d5 4. O-O g6 5. d3 Bg7 6. Nbd2 O-O 7. c3 Nc6 8. Qc2
b6 9. Rb1 Bb7 10. e4 Rc8 11. exd5 Nxd5 12. Re1 Qd7 13. Nc4 Rfd8 14. Qa4 a6 15.
Qb3 Qc7 16. d4 cxd4 17. cxd4 Nxd4 18. Nxd4 Qxc4 19. Qxc4 Rxc4 20. Nb3 e6 21.
Be3 Rdc8 22. Bxb6 Rc2 23. Bd4 Ba8 24. Bxg7 Kxg7 25. Rbc1 Kf6 26. Rxc2 Rxc2 27.
Rb1 Ke5 28. f4+ Kd6 29. Be4 Rc4 30. Bd3 Ra4 31. a3 Nb6 32. Rc1 Nd7 33. Rc4 Rxc4
34. Bxc4 Bd5 35. Nd2 Bxc4 36. Nxc4+ Kc5 37. Nd2 Kd4 38. Nf3+ Kc4 39. Ng5 Kb3
40. Nxh7 f6 41. h4 Kxb2 42. g4 Kxa3 43. h5 gxh5 44. gxh5 a5 45. h6 a4 46. Ng5
Nf8 47. Nxe6 Nh7 48. Nc5 Kb4 49. Nxa4 Kxa4 50. Kf2 Kb4 51. Kf3 Kc5 52. Ke4 Kd6
53. Kf5 Ke7 54. Kg6 Nf8+ 55. Kg7 Ne6+ 56. Kg8 Nf8 57. Kg7 Ne6+ 58. Kg8 Nf8 59.
h7 Ng6 60. Kg7 Nh8 61. Kxh8 1/2-1/2

[Event "V Festival A"]
[Site "Campobasso ITA"]
[Date "1998.09.11"]
[Round "1"]
[White "Gagliardi, Pietro"]
[Black "Accardo, Francesco"]
[Result "1-0"]
[WhiteElo "2205"]
[BlackElo "1757"]
[PlyCount "115"]
[EventDate "1998.09.11"]

1. e4 e6 2. d4 a6 3. Nf3 Be7 4. Bd3 d6 5. Nc3 Nd7 6. a4 b6 7. O-O Bb7 8. h3 c5
9. d5 e5 10. Ne2 h5 11. Ng3 g6 12. Re1 Rc8 13. Qe2 Nb8 14. Nf1 Rc7 15. Ne3 Nh6
16. c4 Bc8 17. Nh2 Bf6 18. Bd2 a5 19. Rf1 g5 20. g4 h4 21. Nf5 Bxf5 22. exf5 e4
23. Bxe4 Re7 24. Rae1 Kd7 25. Qd3 Na6 26. Nf3 Rg8 27. Qb1 Kc7 28. Bc2 Nb8 29.
Be3 Nd7 30. Nd2 Be5 31. Ne4 f6 32. b3 Nf7 33. Kg2 Rge8 34. f4 gxf4 35. Bxf4
Bxf4 36. Rxf4 Ng5 37. Rff1 Nxe4 38. Bxe4 Re5 39. Bf3 Qe7 40. Rxe5 Nxe5 41. Qe4
Qf8 42. Qf4 Nd3 43. Qd2 Ne5 44. g5 fxg5 45. Qxg5 Qh8 46. Bh5 Rg8 47. Bg6 Qg7
48. Kh2 Rf8 49. Kg2 Nxg6 50. Qxg6 Qh8 51. Kh1 Qd4 52. f6 Kb8 53. f7 Ka8 54. Qe6
Qe5 55. Re1 Qg3 56. Qe8+ Ka7 57. Re7+ Ka6 58. Qb5# 1-0

[Event "V Festival A"]
[Site "Campobasso ITA"]
[Date "1998.09.11"]
[Round "1"]
[White "Goller, Savino"]
[Black "De Vita, Gianni"]
[Result "0-1"]
[WhiteElo "1705"]
[BlackElo "2130"]
[PlyCount "72"]
[EventDate "1998.09.11"]

1. e4 c5 2. Nf3 Nc6 3. d4 cxd4 4. Nxd4 Nf6 5. Nc3 e5 6. Ndb5 d6 7. Bg5 a6 8.
Na3 b5 9. Bxf6 gxf6 10. Nd5 f5 11. Bd3 Be6 12. c3 Bg7 13. Nc2 O-O 14. Qh5 fxe4
15. Bxe4 f5 16. Nf6+ Qxf6 17. Bxc6 Rad8 18. Nb4 d5 19. Rd1 d4 20. cxd4 a5 21.
Nc2 Bf7 22. Qf3 e4 23. Qc3 b4 24. Qc5 Rc8 25. d5 Qxb2 26. O-O Rfd8 27. Ne3 Qe5
28. Qxa5 f4 29. Nc4 Qg5 30. Qxb4 Bh5 31. f3 exf3 32. Rf2 Rxc6 33. Qb5 Re6 34.
Nd2 Bd4 35. Nxf3 Bxf3 36. dxe6 Qxg2# 0-1

[Event "V Festival A"]
[Site "Campobasso ITA"]
[Date "1998.09.11"]
[Round "1"]
[White "Iatrino, Vincenzo"]
[Black "Ficco, Corrado"]
[Result "1/2-1/2"]
[WhiteElo "1743"]
[BlackElo "2175"]
[PlyCount "59"]
[EventDate "1998.09.11"]

1. e4 c5 2. Nf3 e6 3. d4 cxd4 4. Nxd4 Nf6 5. Bd3 Be7 6. Be3 d6 7. Nc3 a6 8. a4
Qc7 9. O-O Nc6 10. Nxc6 bxc6 11. f4 O-O 12. Qf3 Rb8 13. b3 Qa5 14. Ne2 Qh5 15.
Qg3 Ng4 16. Bd4 e5 17. Bc3 Bh4 18. Qh3 Nf2 19. Qe3 Nxd3 20. Qxd3 Bg4 21. Ng3
Bxg3 22. Qxg3 f6 23. f5 Qg5 24. Qd3 Rfd8 25. h3 Bh5 26. Bd2 Qh4 27. Be1 Qg5 28.
Bd2 Qh4 29. Be1 Qg5 30. Bd2 1/2-1/2

[Event "V Festival A"]
[Site "Campobasso ITA"]
[Date "1998.09.11"]
[Round "1"]
[White "Lazarev, Vladimir"]
[Black "Pizzuto, Samuele Tullio"]
[Result "1-0"]
[WhiteElo "2450"]
[BlackElo "2090"]
[PlyCount "63"]
[EventDate "1998.09.11"]

1. d4 f5 2. c4 Nf6 3. g3 g6 4. Bg2 Bg7 5. Nf3 d6 6. Nc3 O-O 7. O-O Qe8 8. d5
Na6 9. Rb1 Bd7 10. b4 c6 11. dxc6 Bxc6 12. Qb3 Kh8 13. c5 dxc5 14. b5 Bxf3 15.
Bxf3 c4 16. Qa3 Nc7 17. Bxb7 Rd8 18. Qc5 Ne6 19. Qxc4 Qf7 20. Be3 Ng4 21. Bxa7
g5 22. Rfd1 Qf6 23. h3 Ne5 24. Qb3 g4 25. Nd5 Qh6 26. Be3 Qxh3 27. Nf4 Nxf4 28.
Bxf4 Ng6 29. Bg2 Qh5 30. Rxd8 Rxd8 31. Bc7 Rf8 32. b6 1-0

[Event "V Festival A"]
[Site "Campobasso ITA"]
[Date "1998.09.11"]
[Round "1"]
[White "Luigini, Ottavio"]
[Black "Lagumina, Giulio"]
[Result "0-1"]
[WhiteElo "1804"]
[BlackElo "2305"]
[PlyCount "40"]
[EventDate "1998.09.11"]

1. Nf3 d5 2. d4 e6 3. e3 Nf6 4. Bd3 c5 5. c3 Nbd7 6. O-O Bd6 7. Nbd2 O-O 8. e4
cxd4 9. cxd4 dxe4 10. Nxe4 Nxe4 11. Bxe4 Nf6 12. Bg5 h6 13. Bxf6 Qxf6 14. Re1
Rd8 15. Qb3 Bc7 16. Rad1 Bb6 17. Qc3 Rb8 18. Ne5 Bd7 19. Nc4 Ba4 20. b3 Bxd4
0-1

[Event "V Festival A"]
[Site "Campobasso ITA"]
[Date "1998.09.11"]
[Round "1"]
[White "Lupo, Alfredo"]
[Black "Lemma, Vittorio"]
[Result "1-0"]
[WhiteElo "2120"]
[BlackElo "1702"]
[PlyCount "39"]
[EventDate "1998.09.11"]

1. e4 e6 2. d3 d6 3. Nf3 Nc6 4. g3 f5 5. exf5 exf5 6. Bg2 Nf6 7. O-O Be7 8. Nc3
O-O 9. Re1 Re8 10. Bg5 Bd7 11. Qd2 Ng4 12. Nd5 Bxg5 13. Rxe8+ Bxe8 14. Nxg5 Bd7
15. Re1 Nf6 16. Nxf6+ gxf6 17. Bd5+ Kg7 18. Nf7 Qf8 19. Qh6+ Kg8 20. Ng5+ 1-0

[Event "V Festival A"]
[Site "Campobasso ITA"]
[Date "1998.09.11"]
[Round "1"]
[White "Martorelli, Antonio"]
[Black "Petruccioli, Antonio"]
[Result "1-0"]
[WhiteElo "2380"]
[BlackElo "1992"]
[PlyCount "53"]
[EventDate "1998.09.11"]

1. e4 c5 2. Nf3 a6 3. c3 d6 4. d4 Nf6 5. dxc5 dxc5 6. Qxd8+ Kxd8 7. Nbd2 Nc6 8.
Bc4 e6 9. a4 Bd6 10. O-O Ke7 11. Re1 Ng4 12. Bf1 Rd8 13. Nc4 Nge5 14. Nxd6
Nxf3+ 15. gxf3 Rxd6 16. a5 Ne5 17. Kg2 Nd3 18. Bxd3 Rxd3 19. Be3 Kd6 20. Red1
Rxd1 21. Rxd1+ Kc6 22. c4 Bd7 23. Bf4 g5 24. Rd6+ Kc7 25. Rxa6+ gxf4 26. Rxa8
Ba4 27. a6 1-0

[Event "V Festival A"]
[Site "Campobasso ITA"]
[Date "1998.09.11"]
[Round "1"]
[White "Marzano, Carlo"]
[Black "Tonelli, Claudio"]
[Result "1-0"]
[WhiteElo "2185"]
[BlackElo "1746"]
[PlyCount "39"]
[EventDate "1998.09.11"]

1. d4 d5 2. Nf3 Nf6 3. Bg5 e6 4. Nbd2 Be7 5. e3 c5 6. c3 Nc6 7. Bd3 h6 8. Bh4
O-O 9. Ne5 Nxe5 10. dxe5 Nd7 11. Bg3 c4 12. Bc2 b5 13. a3 Bb7 14. h4 Qb6 15.
Bf4 Rfe8 16. Qh5 Bf8 17. Rh3 Re7 18. Rg3 Kh8 19. Bxh6 gxh6 20. Qg4 1-0

[Event "V Festival A"]
[Site "Campobasso ITA"]
[Date "1998.09.11"]
[Round "1"]
[White "Monteleone, Antonio"]
[Black "Leveque, Sergio"]
[Result "1/2-1/2"]
[WhiteElo "2140"]
[BlackElo "1711"]
[PlyCount "38"]
[EventDate "1998.09.11"]

1. d4 Nf6 2. c4 e5 3. dxe5 Ng4 4. Bf4 Nc6 5. Nf3 Bb4+ 6. Nbd2 f6 7. exf6 Qxf6
8. e3 Qxb2 9. Be2 O-O 10. O-O d6 11. Ne4 Nf6 12. Rb1 Qa3 13. Nxf6+ Rxf6 14. Bg5
Rf8 15. Qd5+ Kh8 16. Bd3 Bc5 17. Bh4 Nb4 18. Rxb4 Bxb4 19. Bxh7 Qa5 1/2-1/2

[Event "V Festival A"]
[Site "Campobasso ITA"]
[Date "1998.09.11"]
[Round "1"]
[White "Oppici, Gabriele"]
[Black "Rotstein, Arkadij"]
[Result "0-1"]
[WhiteElo "2085"]
[BlackElo "2515"]
[PlyCount "88"]
[EventDate "1998.09.11"]

1. Nc3 c5 2. Nf3 e6 3. d4 cxd4 4. Nxd4 Nf6 5. g3 Be7 6. Bg2 O-O 7. O-O Nc6 8.
Nxc6 bxc6 9. Bf4 d5 10. Na4 Ba6 11. b3 Qa5 12. Bd2 Qc7 13. Nb2 Rfd8 14. Qe1 Re8
15. Ba5 Qd6 16. Nd3 Rab8 17. Qd2 e5 18. Rfd1 e4 19. Nf4 Qa3 20. Bc3 Bb4 21.
Bxb4 Qxb4 22. c3 Qe7 23. e3 Ng4 24. c4 dxc4 25. Qa5 Rb6 26. Rd4 Qf6 27. Rad1
cxb3 28. axb3 Be2 29. Rd6 Bxd1 30. Rxf6 Nxf6 31. Qxa7 Rxb3 32. h4 Rb1 33. Qa2
Reb8 34. Kh2 Ng4+ 35. Kh3 R1b2 36. Qa1 Nxf2+ 37. Kh2 Ng4+ 38. Kh3 Nxe3 39. h5
h6 40. Qc1 Nxg2 41. Nxg2 Bxh5 42. Ne3 Rb1 43. Qc3 Rh1+ 44. Kg2 Bf3+ 0-1

[Event "V Festival A"]
[Site "Campobasso ITA"]
[Date "1998.09.11"]
[Round "1"]
[White "Pecorari, Marcello"]
[Black "Safranska, Anda"]
[Result "0-1"]
[WhiteElo "1788"]
[BlackElo "2275"]
[PlyCount "96"]
[EventDate "1998.09.11"]

1. e4 Nf6 2. e5 Nd5 3. d4 d6 4. c4 Nb6 5. f4 dxe5 6. fxe5 Nc6 7. Be3 Bf5 8. Nc3
e6 9. Nf3 Bg4 10. c5 Nd5 11. Nxd5 Qxd5 12. Bb5 Be7 13. O-O O-O 14. Qa4 a6 15.
Bxc6 bxc6 16. Nd2 f6 17. Rf4 f5 18. Rff1 g5 19. Qc4 a5 20. Qxd5 cxd5 21. h3 Be2
22. Rfe1 Bd3 23. Rac1 f4 24. Bf2 c6 25. Rc3 Bg6 26. Nf3 Rfb8 27. Re2 Kg7 28.
Ra3 a4 29. g3 fxg3 30. Bxg3 Rf8 31. Rf2 h5 32. h4 g4 33. Ng5 Bxg5 34. hxg5 Rxf2
35. Bxf2 Bc2 36. b3 Kg6 37. Bh4 Bd3 38. Rxa4 Rf8 39. Ra7 Rf3 40. Re7 Bf5 41. b4
Rh3 42. b5 Rxh4 43. bxc6 Be4 44. Kf2 Rh2+ 45. Kg1 g3 46. Rxe6+ Kxg5 47. Kf1 g2+
48. Kf2 Rh1 0-1

[Event "V Festival A"]
[Site "Campobasso ITA"]
[Date "1998.09.11"]
[Round "1"]
[White "Pilla, Giuseppe"]
[Black "Mrdja, Milan"]
[Result "1-0"]
[WhiteElo "1923"]
[BlackElo "2430"]
[PlyCount "39"]
[EventDate "1998.09.11"]

1. e4 c5 2. Nf3 d6 3. d4 cxd4 4. Nxd4 Nf6 5. Nc3 a6 6. Bg5 e6 7. f4 Qb6 8. Nb3
Nbd7 9. Qf3 Qc7 10. Bd3 b5 11. O-O Bb7 12. Rae1 Be7 13. Qg3 b4 14. Nd1 g6 15.
Qh4 h6 16. e5 Nd5 17. Bxe7 Nxe7 18. Ne3 dxe5 19. fxe5 Nxe5 20. Qxb4 1-0

[Event "V Festival A"]
[Site "Campobasso ITA"]
[Date "1998.09.11"]
[Round "1"]
[White "Quimi, Marco"]
[Black "Capezza, Marco"]
[Result "1-0"]
[WhiteElo "2250"]
[BlackElo "1762"]
[PlyCount "85"]
[EventDate "1998.09.11"]

1. e4 c6 2. d4 d5 3. Nc3 dxe4 4. Nxe4 Bf5 5. Ng3 Bg6 6. h4 h6 7. f4 e6 8. Nf3
Nd7 9. h5 Bh7 10. Bd3 Bxd3 11. Qxd3 Ngf6 12. O-O Bd6 13. Bd2 O-O 14. Rae1 c5
15. c3 Qb6 16. Kh1 cxd4 17. cxd4 Rac8 18. Qb1 Rfd8 19. Be3 Nd5 20. Ne4 Nxe3 21.
Rxe3 Bxf4 22. Rb3 Qc7 23. Ng1 f5 24. Nc3 Nf6 25. d5 Nxd5 26. Nxd5 Rxd5 27. Rc3
Rc5 28. Rxc5 Qxc5 29. Rxf4 Qe3 30. Rf3 Qg5 31. Rh3 Rc1 32. Qd3 Ra1 33. Qb3 Qc1
34. Qxe6+ Kh8 35. Qe3 Qxb2 36. Qe8+ Kh7 37. Qg6+ Kg8 38. Re3 Rxg1+ 39. Kxg1
Qc1+ 40. Kf2 Qd2+ 41. Kf3 Qd5+ 42. Kg3 f4+ 43. Kxf4 1-0

[Event "V Festival A"]
[Site "Campobasso ITA"]
[Date "1998.09.11"]
[Round "1"]
[White "Scagliarini, Valentina"]
[Black "De Bortoli, Peter"]
[Result "0-1"]
[WhiteElo "1762"]
[BlackElo "2215"]
[PlyCount "106"]
[EventDate "1998.09.11"]

1. e4 c5 2. Nf3 d6 3. d4 cxd4 4. Nxd4 Nf6 5. Nc3 a6 6. f3 e5 7. Nde2 Be6 8. Be3
Nc6 9. Qd2 d5 10. exd5 Nxd5 11. Nxd5 Qxd5 12. Qxd5 Bxd5 13. a3 Ne7 14. Nc3 Bc6
15. Bd3 f5 16. Bc5 g6 17. O-O Bg7 18. Rfe1 Rd8 19. Rad1 Nd5 20. Nxd5 Rxd5 21.
Bf2 Kd8 22. Bc4 Rxd1 23. Rxd1+ Kc7 24. c3 Re8 25. Bb3 e4 26. Bg3+ Kc8 27. fxe4
Rxe4 28. Re1 Bh6 29. Bg8 Rxe1+ 30. Bxe1 Be3+ 31. Bf2 Bc1 32. Bxh7 Be8 33. b3
Bf7 34. h4 f4 35. Bc5 Kd7 36. Kf2 Ke6 37. h5 gxh5 38. Bd3 Kf6 39. c4 Ke5 40.
Kf3 Be6 41. Kf2 Bg4 42. Bc2 h4 43. Bb6 Bxa3 44. Bc7+ Bd6 45. Bb6 h3 46. gxh3
Bxh3 47. Kf3 Bd7 48. Bd3 Bc6+ 49. Kf2 Be7 50. Ke2 f3+ 51. Kf1 Bh4 52. Be3 Be4
53. Bxe4 Kxe4 0-1

[Event "V Festival A"]
[Site "Campobasso ITA"]
[Date "1998.09.11"]
[Round "1"]
[White "Simeoni, Matteo"]
[Black "Naumkin, Igor"]
[Result "0-1"]
[WhiteElo "2035"]
[BlackElo "2475"]
[PlyCount "76"]
[EventDate "1998.09.11"]

1. e4 e6 2. d4 d5 3. Nc3 Bb4 4. Bd3 dxe4 5. Bxe4 Nf6 6. Bg5 c5 7. Nge2 h6 8.
Bxf6 Qxf6 9. O-O cxd4 10. Qxd4 Qxd4 11. Nxd4 a6 12. Rfd1 Nd7 13. Nce2 Ke7 14.
c3 Bc5 15. Nb3 Bb6 16. c4 Rb8 17. Rac1 Nc5 18. Bf3 Bd7 19. Nc3 Nxb3 20. axb3 a5
21. Ne4 Bc6 22. c5 Bc7 23. Rd3 Rhd8 24. Rcd1 Rxd3 25. Rxd3 Rd8 26. Rxd8 Kxd8
27. Nd2 Bxf3 28. Nxf3 Kd7 29. Ne1 Kc6 30. Nd3 Kd5 31. Kf1 e5 32. f3 f5 33. Ke2
e4 34. Ne1 Bxh2 35. fxe4+ fxe4 36. Ke3 Be5 37. Nc2 Bxb2 38. b4 a4 0-1

[Event "V Festival A"]
[Site "Campobasso ITA"]
[Date "1998.09.11"]
[Round "1"]
[White "Voiska, Margarita"]
[Black "Fragni, Enrico"]
[Result "1-0"]
[WhiteElo "2350"]
[BlackElo "1822"]
[PlyCount "66"]
[EventDate "1998.09.11"]

1. c4 c5 2. Nc3 Nf6 3. g3 g6 4. Bg2 Bg7 5. e4 Nc6 6. d3 d6 7. Nge2 Bd7 8. h3 a6
9. O-O O-O 10. Be3 Rb8 11. a4 e5 12. Kh2 Nb4 13. f4 Nh5 14. f5 Qe7 15. Nc1 Nf6
16. g4 Kh8 17. g5 Nh5 18. f6 Nxf6 19. gxf6 Bxf6 20. N1a2 Bg5 21. Nxb4 cxb4 22.
Nd5 Qd8 23. Bxg5 Qxg5 24. Nf6 Be6 25. Qe1 a5 26. h4 Qh6 27. Qg3 Rg8 28. Qg5
Qxg5 29. hxg5 Rgd8 30. Kg3 Kg7 31. Bh3 Bxh3 32. Kxh3 Rh8 33. Ng4 h6 1-0

[Event "V Festival A"]
[Site "Campobasso ITA"]
[Date "1998.09.11"]
[Round "2"]
[White "Aleksieva, Silvia"]
[Black "Marzano, Carlo"]
[Result "1-0"]
[WhiteElo "2335"]
[BlackElo "2185"]
[PlyCount "103"]
[EventDate "1998.09.11"]

1. d4 g6 2. c4 d6 3. Nc3 e5 4. Nf3 Nc6 5. Bg5 f6 6. Bc1 Bg7 7. g3 Nh6 8. dxe5
Nxe5 9. Nxe5 fxe5 10. Bg2 O-O 11. Ne4 Nf7 12. O-O Be6 13. b3 Qd7 14. Re1 Rab8
15. Be3 a6 16. Rc1 b5 17. c5 d5 18. c6 Qc8 19. Nc5 d4 20. Bd2 Bf5 21. e4 Be6
22. Nd3 Re8 23. Rc2 Ra8 24. Ba5 Bg4 25. f3 Be6 26. f4 Kh8 27. Nf2 Qd8 28. Qd3
Qd6 29. Qd2 Bh6 30. Nd3 Bc8 31. Qf2 Be6 32. Kh1 Bg7 33. h3 Kg8 34. Rc5 Kh8 35.
f5 Bc8 36. g4 Bh6 37. Bd2 Bxd2 38. Qxd2 a5 39. Rf1 a4 40. b4 g5 41. Rfc1 Rb8
42. a3 Kg7 43. Bf3 h6 44. Kg2 Kf6 45. Bd1 Rh8 46. Rd5 Qe7 47. Rcc5 Rb6 48. Nxe5
Nxe5 49. Qxd4 Re8 50. Rxe5 Qxe5 51. Rxe5 Rxe5 52. Qd8+ 1-0

[Event "V Festival A"]
[Site "Campobasso ITA"]
[Date "1998.09.11"]
[Round "2"]
[White "Capezza, Marco"]
[Black "Oppici, Gabriele"]
[Result "1/2-1/2"]
[WhiteElo "1762"]
[BlackElo "2085"]
[PlyCount "120"]
[EventDate "1998.09.11"]

1. d4 Nc6 2. Nf3 d5 3. Bf4 Bg4 4. e3 e6 5. c4 Bb4+ 6. Nc3 Nf6 7. Be2 Ne4 8. Rc1
O-O 9. O-O Nxc3 10. bxc3 Bd6 11. Bxd6 Qxd6 12. cxd5 exd5 13. c4 dxc4 14. Bxc4
Rad8 15. h3 Bh5 16. Be2 Bg6 17. Qb3 Rb8 18. Rfd1 Kh8 19. Bd3 Bh5 20. Be2 f6 21.
Qc3 Rbc8 22. Qc5 Bf7 23. a3 Rfd8 24. Rd2 Qxc5 25. Rxc5 Ne7 26. Rb2 Bd5 27. Nd2
b6 28. Rc1 Bb7 29. Bf3 Bxf3 30. Nxf3 Rd5 31. Rbc2 c6 32. Rc3 Kg8 33. Ne1 Ra5
34. Nd3 Re8 35. Rb3 Rc8 36. Rbc3 Rd8 37. Nb4 c5 38. dxc5 bxc5 39. Rxc5 Rxa3 40.
Rc7 Kf8 41. Rb7 Rb3 42. Rxe7 Kxe7 43. Nc6+ Ke8 44. Nxd8 Kxd8 45. Ra1 Rb7 46. f4
Ke7 47. e4 Kd6 48. Kf2 Kc5 49. g4 Re7 50. Kf3 Kb5 51. e5 fxe5 52. fxe5 a5 53.
Ke4 a4 54. Kd5 Kb4 55. Kd6 Ra7 56. e6 Ra6+ 57. Kd7 Ra7+ 58. Ke8 Kc5 59. e7 Kd6
60. Rd1+ Ke6 1/2-1/2

[Event "V Festival A"]
[Site "Campobasso ITA"]
[Date "1998.09.11"]
[Round "2"]
[White "Capuano, Eugenio"]
[Black "Martorelli, Antonio"]
[Result "1/2-1/2"]
[WhiteElo "2150"]
[BlackElo "2380"]
[PlyCount "48"]
[EventDate "1998.09.11"]

1. e4 c5 2. Nf3 e6 3. d4 cxd4 4. Nxd4 a6 5. Nc3 Qc7 6. g3 Nf6 7. Bg2 Be7 8. O-O
O-O 9. Be3 Nc6 10. f4 d6 11. Kh1 Bd7 12. a4 b6 13. Nb3 Rab8 14. g4 Bc8 15. g5
Nd7 16. Qe1 Re8 17. Qh4 Nb4 18. Nd4 Nf8 19. Rf2 Bb7 20. Raf1 Rbc8 21. Qh5 g6
22. Qh4 Qc4 23. Nd1 Bd8 24. b3 Qc7 1/2-1/2

[Event "V Festival A"]
[Site "Campobasso ITA"]
[Date "1998.09.11"]
[Round "2"]
[White "Castrogiovanni, Carlo"]
[Black "Pecorari, Marcello"]
[Result "0-1"]
[WhiteElo "2045"]
[BlackElo "1788"]
[PlyCount "84"]
[EventDate "1998.09.11"]

1. Nf3 d5 2. c4 e6 3. d4 Be7 4. Bf4 Nf6 5. e3 O-O 6. Nc3 c6 7. h3 Nbd7 8. Rc1
Qa5 9. Bd3 dxc4 10. Bxc4 Nd5 11. Bg3 Nxc3 12. bxc3 b5 13. Bb3 Nf6 14. Ne5 Bb7
15. Bh4 Rfd8 16. O-O c5 17. Qe2 Rac8 18. f4 Bd5 19. Bc2 Qc7 20. f5 exf5 21.
Bxf5 Rb8 22. Bd3 c4 23. Bb1 Rb6 24. Rf4 Ne8 25. Rcf1 Bxh4 26. Rxh4 Nf6 27. e4
Bb7 28. Nf3 Qg3 29. Qe1 Qxe1 30. Rxe1 h6 31. Ne5 a5 32. Rf4 Ba6 33. d5 b4 34.
Rf3 Re8 35. Ng4 Nxd5 36. Ref1 Nxc3 37. Bc2 f6 38. Rg3 Ne2+ 39. Kh2 Nxg3 40.
Kxg3 b3 41. Bb1 c3 42. axb3 Bxf1 0-1

[Event "V Festival A"]
[Site "Campobasso ITA"]
[Date "1998.09.11"]
[Round "2"]
[White "De Bortoli, Peter"]
[Black "Dervishi, Erald"]
[Result "0-1"]
[WhiteElo "2215"]
[BlackElo "2430"]
[PlyCount "71"]
[EventDate "1998.09.11"]

1. e4 e5 2. f4 exf4 3. Bc4 Nf6 4. Nc3 c6 5. Qf3 d5 6. exd5 Bd6 7. h3 O-O 8.
Nge2 Re8 9. d3 cxd5 10. Nxd5 Nc6 11. O-O Ne5 12. Nxf6+ Qxf6 13. Qxf4 Nxc4 14.
Qxc4 Bh2+ 15. Kxh2 Qxf1 16. Ng3 Qf6 17. Qb5 Qc6 18. Qg5 h6 19. Qh4 Qxc2 20.
Bxh6 Qxb2 21. Rf1 gxh6 22. d4 Qb6 23. Rf3 Qd6 24. d5 f5 25. Kg1 Re1+ 26. Kf2
Re7 27. Nh5 Kf8 28. Nf6 Qb6+ 29. Kg3 Rg7+ 30. Kh2 Qd6+ 31. Kh1 Rg6 32. Ne4 Qxd5
33. Nc3 Qd6 34. Nb5 Qd2 35. Rf2 Qe1+ 36. Kh2 0-1

[Event "V Festival A"]
[Site "Campobasso ITA"]
[Date "1998.09.11"]
[Round "2"]
[White "De Toma, Francesco"]
[Black "Capitelli, Paolo"]
[Result "1-0"]
[WhiteElo "1740"]
[BlackElo "1842"]
[PlyCount "87"]
[EventDate "1998.09.11"]

1. e4 c5 2. Nf3 e6 3. d4 cxd4 4. Nxd4 Nf6 5. Nd2 Nc6 6. Nxc6 dxc6 7. e5 Nd5 8.
c3 Nf4 9. Qf3 Ng6 10. Qg3 Be7 11. Nf3 Bd7 12. Bd3 Qc7 13. h4 Rg8 14. h5 Nf8 15.
O-O O-O-O 16. Re1 c5 17. Bf1 Bc6 18. Bf4 Nd7 19. a3 b6 20. b4 Kb8 21. b5 Bb7
22. c4 h6 23. a4 g6 24. hxg6 Rxg6 25. Qh3 Rdg8 26. Ra3 Bg5 27. Bg3 Nf8 28. Qh2
R6g7 29. Rd3 Ng6 30. Rd6 Ne7 31. Nxg5 hxg5 32. Rdd1 Kc8 33. Bd3 Ng6 34. Bxg6
Rxg6 35. f3 R6g7 36. Bf2 Qe7 37. a5 f5 38. exf6 Qxf6 39. Qe5 Qxe5 40. Rxe5 g4
41. f4 g3 42. Be1 Re7 43. Rd3 Rg6 44. Rxg3 1-0

[Event "V Festival A"]
[Site "Campobasso ITA"]
[Date "1998.09.11"]
[Round "2"]
[White "De Vita, Gianni"]
[Black "Ciolac, Gheorghe"]
[Result "0-1"]
[WhiteElo "2130"]
[BlackElo "2375"]
[PlyCount "26"]
[EventDate "1998.09.11"]

1. e4 e5 2. Nf3 Nc6 3. d4 exd4 4. Nxd4 Bb4+ 5. c3 Bc5 6. Be3 Bb6 7. Bc4 Ne5 8.
Be2 Nf6 9. Nd2 d5 10. Qc2 O-O 11. O-O c5 12. N4b3 d4 13. cxd4 cxd4 0-1

[Event "V Festival A"]
[Site "Campobasso ITA"]
[Date "1998.09.11"]
[Round "2"]
[White "Ficco, Corrado"]
[Black "Di Lascio, Savino"]
[Result "1-0"]
[WhiteElo "2175"]
[BlackElo "1753"]
[PlyCount "74"]
[EventDate "1998.09.11"]

1. c4 Nf6 2. Nf3 b6 3. g3 Bb7 4. Bg2 g6 5. O-O Bg7 6. Nc3 O-O 7. Re1 d6 8. d4
Nbd7 9. e4 e5 10. b3 Re8 11. Bb2 a6 12. Qc2 exd4 13. Nxd4 Rb8 14. f3 Ng4 15.
Rad1 Nh6 16. Nd5 c6 17. Nf4 b5 18. cxb5 cxb5 19. Qd2 Qb6 20. Kh1 d5 21. exd5 g5
22. Nh5 Bxd4 23. Bxd4 Qg6 24. g4 Rbc8 25. Rxe8+ Rxe8 26. Bb2 Rc8 27. Qd4 f6 28.
Nxf6+ Nxf6 29. Qxf6 Qxf6 30. Bxf6 Bxd5 31. Bxg5 Nf7 32. Rxd5 Nxg5 33. Rxg5+ Kh8
34. h4 Rc2 35. a4 b4 36. Bf1 Rf2 37. Bxa6 Rxf3 1-0